Chechen-English and English-Chechen dictionary = Noxchiin-ingals, ingals-noxchiin deshnizhaina /

Bibliographic Details
Main Author: Nichols, Johanna
Other Authors: Vagapov, A. D.
Format: Book
Language:English
Chechen
Published: London ; New York : RoutledgeCurzon, 2004.
Subjects:
Online Access:Table of contents

MARC

Tag First Indicator Second Indicator Subfields
LEADER 00000cam a2200000 a 4500
001 in00002000356
005 20151031124809.0
008 040129s2004 enk bd 000 0 eng
010 |a  2004002010 
020 |a 0415315948 (alk. paper) 
035 |a (OCoLC)ocm54280016 
040 |a DLC  |c DLC  |d C#P  |d TXA  |d UtOrBLW 
041 0 |a eng  |a che 
049 |a TXAM 
050 0 0 |a PK9201.C34  |b N53 2004 
082 0 0 |a 499/.9641  |2 22 
100 1 |a Nichols, Johanna. 
245 1 0 |a Chechen-English and English-Chechen dictionary =  |b Noxchiin-ingals, ingals-noxchiin deshnizhaina /  |c Johanna Nichols and Arbi Vagapov ; technical director, Ronald L. Sprouse. 
246 3 1 |a Noxchiin-ingals, ingals-noxchiin deshnizhaina 
264 1 |a London ;  |a New York :  |b RoutledgeCurzon,  |c 2004. 
300 |a 692 pages ;  |c 24 cm. 
336 |a text  |b txt  |2 rdacontent 
337 |a unmediated  |b n  |2 rdamedia 
338 |a volume  |b nc  |2 rdacarrier 
504 |a Includes bibliographical references. 
505 0 |a The Chechen language and people -- Spelling, transcription, and sound system -- Abbreviations and conventions -- Structure of Chechen-English dictionary entries -- Chechen-English dictionary: Cyrillic spelling -- Chechen-English dictionary : Latin spelling -- Structure of English-Chechen dictionary entries -- English-Chechen dictionary. 
650 0 |a Chechen language  |v Dictionaries  |x English. 
650 0 |a English language  |v Dictionaries  |x Chechen. 
700 1 |a Vagapov, A. D. 
856 4 1 |3 Table of contents  |u http://www.loc.gov/catdir/toc/ecip0413/2004002010.html  |t 0 
948 |a cataloged  |b h  |c 2004/10/22  |d c  |e jgreene  |f 3:03:25 pm 
994 |a E0  |b TXA 
999 |a MARS 
999 f f |s b7b511aa-71e6-3fbd-8d06-5172b8514a59  |i 4af8353f-e231-3a1c-b5d9-df77694103b5  |t 0 
952 f f |p ric  |a Texas A&M University  |b Rellis Campus  |c Joint Library Facility  |d Remote Storage  |t 0  |e PK9201.C34 N53 2004  |h Library of Congress classification  |i unmediated -- volume  |m A14832278199 
998 f f |a PK9201.C34 N53 2004  |t 0  |l Remote Storage